000 00470nam a2200145Ia 4500
008 211220s9999 xx 000 0 eng d
041 _aEnglish
082 _aRR.0304
100 _aRajesh, R.
_uNoorul Islam University
_vKumaracoil
245 2 _aA study of 3PL service providers in India in 2014 /
_cR. Rajesh
260 _aNew Delhi :
_bIndian Council oF Social Science Research,
300 _a76p.
536 _aIndian Council of Social Science Research
942 _cRP
999 _c27176
_d27176